000
00290nam a22001337a 4500
008
181101b xxu||||| |||| 00| 0 eng d
020
_a
007051769
041
_a
eng
080
_a
531
100
_a
43
101
_a
FIZ
245
_a
Chemical Thermodynamics
_c
Reid, Ch. E
942
_2
udc
_c
BK
999
_c
51524
_d
51524